000 00570nam a2200229Ia 4500
003 OSt
005 20220924143507.0
006 a|||||r|||| 00| 0
007 ta
008 220923b |||||||| |||| 00| 0 urd d
024 _a308551
037 _cTextual
040 _aARTS
_cARTS
_burd
041 _2urd
_aurd
082 _aO15,1B1, 168B0
100 _aBihari Lal
_9216001
245 0 _aRamayan urdu nasr
260 _c1880
650 _aSANSKRIT LITERATURE
942 _hO15,1B1, 168B0
_cTEXL
_2CC
999 _c454704
_d454704